7 Secrets of Shiva - From the Hindu Trinity Series (Record no. 96690)

MARC details
000 -LEADER
fixed length control field 00596nam a2200229Ia 4500
005 - DATE AND TIME OF LATEST TRANSACTION
control field 20230430090806.0
008 - FIXED-LENGTH DATA ELEMENTS--GENERAL INFORMATION
fixed length control field 230125s9999 xx 000 0 und d
020 ## - INTERNATIONAL STANDARD BOOK NUMBER
International Standard Book Number 9789386224040
041 ## - LANGUAGE CODE
Language code of text/sound track or separate title eng
082 ## - DEWEY DECIMAL CLASSIFICATION NUMBER
Classification number 823
Item number PAT
100 ## - MAIN ENTRY--PERSONAL NAME
Author Pattanaik D
245 ## - TITLE STATEMENT
Title 7 Secrets of Shiva - From the Hindu Trinity Series
250 ## - EDITION STATEMENT
Edition statement 1st Ed.
260 ## - PUBLICATION, DISTRIBUTION, ETC.
Date of publication, distribution, etc. 2018
Name of publisher, distributor, etc. Westland Publications
Place of publication, distribution, etc. Chennai
300 ## - PHYSICAL DESCRIPTION
Extent 221p
500 ## - GENERAL NOTE
Keywords English Literature<br/>
650 ## - SUBJECT ADDED ENTRY--TOPICAL TERM
Topical term or geographic name entry element English Literature
700 ## - ADDED ENTRY--PERSONAL NAME
Personal name Pattanaik D
942 ## - ADDED ENTRY ELEMENTS (KOHA)
Koha item type Books
906 ## - LOCAL DATA ELEMENT F, LDF (RLIN)
b 99.75
Holdings
Withdrawn status Lost status Damaged status Not for loan Home library Current library Date acquired Vendor Net Price Bill number Total Checkouts Total Renewals Full call number Barcode Date last seen Date last checked out Actual Price Bill Date Koha item type Original Barcode
        Smt. Hiraben Nanavati Institute of Management & Research for Women Smt. Hiraben Nanavati Institute of Management & Research for Women 13/03/2021 Forward Books 399.00 11380 13 3 823 PAT B21512 HIMR-BK-21512 27/01/2026 19/01/2026 299.25 12/03/2021 Books B21512
        Smt. Hiraben Nanavati Institute of Management & Research for Women Smt. Hiraben Nanavati Institute of Management & Research for Women 13/03/2021 Forward Books 399.00 11380 15 4 823 PAT B21513 HIMR-BK-21513 03/02/2026 21/01/2026 299.25 12/03/2021 Books B21513